[Event "escc2023_65"]
[Site "?"]
[Date "2023.05.29"]
[Round "4.1"]
[White "Pomes Marcet, Joan"]
[Black "Renman, Nils-Gustaf"]
[Result "1/2-1/2"]
[BlackElo "2331"]
[WhiteElo "2239"]
[LiveChessVersion "1.4.8"]

1. d4 {[%clk 1:30:58]} d5 {[%clk 1:30:49]} 2. c4 {[%clk 1:31:12]} c6
{[%clk 1:31:13]} 3. Nf3 {[%clk 1:31:09]} e6 {[%clk 1:31:23]} 4. Nc3
{[%clk 1:27:26]} Nf6 {[%clk 1:30:05]} 5. e3 {[%clk 1:27:25]} Nbd7
{[%clk 1:30:25]} 6. Qc2 {[%clk 1:27:03]} Bd6 {[%clk 1:30:39]} 7. Be2
{[%clk 1:27:10]} dxc4 {[%clk 1:29:46]} 8. a4 {[%clk 1:27:01]} a6 {[%clk 1:27:35]}
9. Bxc4 {[%clk 1:25:22]} c5 {[%clk 1:27:25]} 10. O-O {[%clk 1:17:02]} Qc7
{[%clk 1:27:26]} 11. b3 {[%clk 1:09:32]} cxd4 {[%clk 1:23:41]} 12. exd4
{[%clk 1:09:36]} b6 {[%clk 1:23:00]} 13. Qe2 {[%clk 1:00:31]} O-O
{[%clk 1:21:59]} 14. Bg5 {[%clk 0:54:13]} Bb7 {[%clk 1:21:32]} 15. Rac1
{[%clk 0:44:42]} Bf4 {[%clk 1:06:54]} 16. Bxf4 {[%clk 0:43:10]} Qxf4
{[%clk 1:06:24]} 17. Qe3 {[%clk 0:43:19]} Qg4 {[%clk 0:44:19]} 18. h3
{[%clk 0:42:58]} Qg6 {[%clk 0:43:37]} 19. Bd3 {[%clk 0:38:15]} Qh5
{[%clk 0:43:58]} 20. Ne5 {[%clk 0:33:09]} Nxe5 {[%clk 0:42:24]} 21. dxe5
{[%clk 0:31:50]} Nd7 {[%clk 0:42:32]} 22. f4 {[%clk 0:25:14]} Nc5
{[%clk 0:41:56]} 23. Bc2 {[%clk 0:25:02]} a5 {[%clk 0:41:24]} 24. Ne4
{[%clk 0:21:57]} Bxe4 {[%clk 0:41:19]} 25. Bxe4 {[%clk 0:22:21]} Rad8
{[%clk 0:41:37]} 26. Rb1 {[%clk 0:18:20]} f6 {[%clk 0:21:37]} 27. exf6
{[%clk 0:17:22]} Rxf6 {[%clk 0:22:00]} 28. b4 {[%clk 0:15:57]} Nxe4
{[%clk 0:20:02]} 29. Qxe4 {[%clk 0:16:21]} Qd5 {[%clk 0:20:18]} 30. Qxd5
{[%clk 0:14:02]} Rxd5 {[%clk 0:20:31]} 31. bxa5 {[%clk 0:14:18]} bxa5
{[%clk 0:20:45]} 32. Rb5 {[%clk 0:11:08]} Rff5 {[%clk 0:20:23]} 33. Re1
{[%clk 0:10:41]} Kf7 {[%clk 0:16:30]} 34. Rb7+ {[%clk 0:10:20]} Kf6
{[%clk 0:15:26]} 35. Re4 {[%clk 0:08:04]} Rd6 {[%clk 0:08:29]} 36. Rc4
{[%clk 0:05:45]} h5 {[%clk 0:06:39]} 37. g4 {[%clk 0:03:06]} hxg4
{[%clk 0:05:59]} 38. hxg4 {[%clk 0:03:31]} Rfd5 {[%clk 0:06:08]} 39. Rcc7
{[%clk 0:03:53]} Rd1+ {[%clk 0:05:03]} 40. Kf2 {[%clk 0:04:17]} R6d2+
{[%clk 0:05:24]} 41. Ke3 {[%clk 0:04:39]} Rd3+ {[%clk 0:05:41]} 42. Ke2
{[%clk 0:05:03]} R3d2+ {[%clk 0:05:53]} 43. Ke3 {[%clk 0:05:25]} Rd3+
{[%clk 0:06:04]} 44. Ke4 1/2-1/2

[Event "escc2023_65"]
[Site "?"]
[Date "2023.05.29"]
[Round "4.2"]
[White "Kierzek, Matthias"]
[Black "Rooze, Jan"]
[Result "1-0"]
[BlackElo "2268"]
[WhiteElo "2163"]
[LiveChessVersion "1.4.8"]

1. d4 {[%clk 1:30:57]} Nf6 {[%clk 1:30:57]} 2. c4 {[%clk 1:31:21]} e6
{[%clk 1:31:24]} 3. Nf3 {[%clk 1:31:42]} Bb4+ {[%clk 1:31:50]} 4. Bd2
{[%clk 1:32:05]} Bxd2+ {[%clk 1:32:05]} 5. Qxd2 {[%clk 1:32:13]} O-O
{[%clk 1:32:13]} 6. Nc3 {[%clk 1:32:03]} d5 {[%clk 1:32:38]} 7. e3
{[%clk 1:32:13]} b6 {[%clk 1:26:55]} 8. cxd5 {[%clk 1:25:03]} Nxd5
{[%clk 1:21:08]} 9. Rc1 {[%clk 1:17:31]} Bb7 {[%clk 1:19:32]} 10. Be2
{[%clk 1:05:34]} Nd7 {[%clk 1:18:01]} 11. O-O {[%clk 1:02:40]} c5
{[%clk 1:10:22]} 12. Rfd1 {[%clk 0:53:04]} Qe7 {[%clk 1:04:44]} 13. a3
{[%clk 0:51:49]} Rfd8 {[%clk 1:03:11]} 14. Rc2 {[%clk 0:46:33]} cxd4
{[%clk 0:57:46]} 15. Nxd4 {[%clk 0:45:16]} Nc5 {[%clk 0:49:08]} 16. Qc1
{[%clk 0:26:14]} Qg5 {[%clk 0:38:49]} 17. Bf3 {[%clk 0:23:24]} Nb3
{[%clk 0:23:02]} 18. Ne4 {[%clk 0:23:15]} Nxc1 {[%clk 0:15:28]} 19. Nxg5
{[%clk 0:23:39]} Na2 {[%clk 0:15:16]} 20. Ra1 {[%clk 0:16:26]} e5
{[%clk 0:08:29]} 21. Nb3 {[%clk 0:15:45]} h6 {[%clk 0:08:22]} 22. Ne4
{[%clk 0:15:45]} f5 {[%clk 0:08:30]} 23. Ned2 {[%clk 0:15:28]} Rac8
{[%clk 0:05:17]} 24. Rxc8 {[%clk 0:15:15]} Rxc8 {[%clk 0:05:41]} 25. Rxa2
{[%clk 0:15:14]} a5 {[%clk 0:05:44]} 26. Ra1 {[%clk 0:14:30]} a4 {[%clk 0:05:54]}
27. Bxd5+ {[%clk 0:11:15]} Bxd5 {[%clk 0:06:15]} 28. Rc1 {[%clk 0:11:38]} Rd8
{[%clk 0:06:17]} 29. Na1 {[%clk 0:11:48]} Bxg2 {[%clk 0:05:30]} 30. Kxg2
{[%clk 0:12:12]} Rxd2 {[%clk 0:05:56]} 31. Nc2 {[%clk 0:12:29]} Kh7
{[%clk 0:04:16]} 32. Kf1 {[%clk 0:11:55]} f4 {[%clk 0:03:58]} 33. exf4
{[%clk 0:12:15]} exf4 {[%clk 0:04:22]} 34. Ke1 {[%clk 0:12:31]} Rd3
{[%clk 0:04:46]} 35. Nb4 {[%clk 0:10:06]} Rh3 {[%clk 0:04:35]} 36. Nd5
{[%clk 0:09:18]} Rxh2 {[%clk 0:03:37]} 37. Nxb6 {[%clk 0:09:20]} Rh1+
{[%clk 0:03:28]} 38. Kd2 {[%clk 0:09:48]} Rxc1 {[%clk 0:03:48]} 39. Kxc1
{[%clk 0:10:13]} h5 {[%clk 0:04:16]} 40. Kd1 {[%clk 0:09:48]} h4 {[%clk 0:04:37]}
41. Ke1 {[%clk 0:10:13]} g5 {[%clk 0:04:18]} 42. Nxa4 {[%clk 0:09:07]} g4
{[%clk 0:02:40]} 43. Kf1 {[%clk 0:06:18]} h3 {[%clk 0:02:14]} 44. Kg1
{[%clk 0:06:10]} 1-0

[Event "escc2023_65"]
[Site "?"]
[Date "2023.05.29"]
[Round "4.3"]
[White "Nunn, John D M"]
[Black "Giacomini, Hector"]
[Result "1-0"]
[BlackElo "2126"]
[WhiteElo "2579"]
[LiveChessVersion "1.4.8"]

1. e4 {[%clk 1:30:56]} c6 {[%clk 1:30:57]} 2. d4 {[%clk 1:31:18]} d5
{[%clk 1:31:22]} 3. e5 {[%clk 1:31:37]} c5 {[%clk 1:31:46]} 4. Nf3
{[%clk 1:31:41]} cxd4 {[%clk 1:31:57]} 5. Qxd4 {[%clk 1:32:00]} Nc6
{[%clk 1:32:00]} 6. Qf4 {[%clk 1:32:20]} e6 {[%clk 1:31:46]} 7. Nc3
{[%clk 1:32:41]} Nge7 {[%clk 1:29:28]} 8. Bd3 {[%clk 1:32:41]} Ng6
{[%clk 1:27:10]} 9. Qg3 {[%clk 1:32:48]} Nb4 {[%clk 1:26:57]} 10. h4
{[%clk 1:32:52]} Nxd3+ {[%clk 1:27:07]} 11. cxd3 {[%clk 1:33:14]} h5
{[%clk 1:26:58]} 12. O-O {[%clk 1:30:03]} Bd7 {[%clk 1:25:42]} 13. Ne2
{[%clk 1:28:27]} Qb6 {[%clk 1:20:12]} 14. b3 {[%clk 1:08:02]} Bb5
{[%clk 1:02:00]} 15. Rd1 {[%clk 1:05:44]} Rc8 {[%clk 0:54:34]} 16. Nf4
{[%clk 0:55:24]} Nxf4 {[%clk 0:45:12]} 17. Bxf4 {[%clk 0:55:25]} Rc3
{[%clk 0:40:25]} 18. Rac1 {[%clk 0:49:58]} Rxc1 {[%clk 0:35:26]} 19. Rxc1
{[%clk 0:46:10]} Bc6 {[%clk 0:35:43]} 20. Be3 {[%clk 0:40:01]} Qa6
{[%clk 0:35:47]} 21. Nd4 {[%clk 0:40:03]} Bd7 {[%clk 0:20:34]} 22. a4
{[%clk 0:39:42]} Qxd3 {[%clk 0:19:32]} 23. Nb5 {[%clk 0:39:59]} Bxb5
{[%clk 0:17:51]} 24. axb5 {[%clk 0:40:24]} d4 {[%clk 0:09:32]} 25. Rc8+
{[%clk 0:33:26]} Kd7 {[%clk 0:09:48]} 26. Rd8+ {[%clk 0:33:36]} Kc7
{[%clk 0:08:32]} 27. Rxd4 {[%clk 0:33:45]} Qxb5 {[%clk 0:07:01]} 28. Qf4
{[%clk 0:33:38]} Qe8 {[%clk 0:05:53]} 29. Ra4 {[%clk 0:33:41]} Be7
{[%clk 0:03:10]} 30. Qd4 {[%clk 0:31:57]} Qd7 {[%clk 0:02:22]} 31. Rc4+
{[%clk 0:31:02]} Kd8 {[%clk 0:02:34]} 32. Qxa7 {[%clk 0:31:25]} Ke8
{[%clk 0:02:20]} 33. Qb8+ {[%clk 0:31:26]} Bd8 {[%clk 0:02:38]} 34. Bb6
{[%clk 0:30:39]} Ke7 {[%clk 0:01:11]} 35. Rd4 {[%clk 0:30:44]} 1-0

[Event "escc2023_65"]
[Site "?"]
[Date "2023.05.29"]
[Round "4.4"]
[White "Madebrink, Lars"]
[Black "Ftacnik, Lubomir"]
[Result "0-1"]
[BlackElo "2456"]
[WhiteElo "2136"]
[LiveChessVersion "1.4.8"]

1. Nf3 {[%clk 1:30:56]} Nf6 {[%clk 1:30:39]} 2. c4 {[%clk 1:31:17]} e6
{[%clk 1:30:57]} 3. d4 {[%clk 1:31:06]} d5 {[%clk 1:30:41]} 4. Nc3
{[%clk 1:30:31]} dxc4 {[%clk 1:30:11]} 5. Qa4+ {[%clk 1:30:13]} c6
{[%clk 1:27:57]} 6. Qxc4 {[%clk 1:30:36]} b5 {[%clk 1:27:53]} 7. Qb3
{[%clk 1:29:07]} Nbd7 {[%clk 1:27:04]} 8. Bg5 {[%clk 1:26:52]} Be7
{[%clk 1:22:54]} 9. e3 {[%clk 1:26:33]} a6 {[%clk 1:18:42]} 10. Bxf6
{[%clk 1:14:43]} gxf6 {[%clk 1:14:53]} 11. a4 {[%clk 1:13:04]} Qa5
{[%clk 1:08:36]} 12. Rc1 {[%clk 1:06:21]} Bb7 {[%clk 1:01:07]} 13. Be2
{[%clk 1:05:27]} b4 {[%clk 0:53:24]} 14. Ne4 {[%clk 1:00:17]} c5 {[%clk 0:52:20]}
15. Ned2 {[%clk 0:57:49]} cxd4 {[%clk 0:48:20]} 16. exd4 {[%clk 0:58:07]} Rg8
{[%clk 0:43:24]} 17. O-O {[%clk 0:54:38]} Qf5 {[%clk 0:31:42]} 18. Rc7
{[%clk 0:47:34]} Bd5 {[%clk 0:30:17]} 19. Bc4 {[%clk 0:45:31]} Bxf3
{[%clk 0:20:05]} 20. Qxf3 {[%clk 0:41:14]} Qxf3 {[%clk 0:18:31]} 21. Nxf3
{[%clk 0:41:38]} Kd8 {[%clk 0:12:06]} 22. Rc6 {[%clk 0:41:19]} Nb8
{[%clk 0:12:26]} 23. Rb6 {[%clk 0:41:23]} Kc7 {[%clk 0:12:48]} 24. a5
{[%clk 0:41:17]} Nc6 {[%clk 0:13:11]} 25. Rxa6 {[%clk 0:39:44]} Nxa5
{[%clk 0:10:12]} 26. Rxa8 {[%clk 0:30:54]} Rxa8 {[%clk 0:10:40]} 27. Ra1
{[%clk 0:29:59]} Kb6 {[%clk 0:10:46]} 28. Bd3 {[%clk 0:27:01]} h6
{[%clk 0:09:44]} 29. Kf1 {[%clk 0:17:01]} Rd8 {[%clk 0:09:16]} 30. Rd1
{[%clk 0:15:54]} f5 {[%clk 0:04:22]} 31. Ke2 {[%clk 0:12:20]} Nc6
{[%clk 0:03:56]} 32. Bc2 {[%clk 0:08:29]} Bf6 {[%clk 0:03:17]} 33. Ba4
{[%clk 0:08:10]} Nxd4+ {[%clk 0:02:59]} 34. Nxd4 {[%clk 0:08:30]} Bxd4
{[%clk 0:03:18]} 35. b3 {[%clk 0:08:40]} e5 {[%clk 0:02:16]} 36. Rc1
{[%clk 0:07:43]} Rd6 {[%clk 0:02:27]} 37. Be8 {[%clk 0:06:25]} f6
{[%clk 0:01:50]} 38. Bg6 {[%clk 0:06:28]} f4 {[%clk 0:01:56]} 39. Be4
{[%clk 0:06:17]} Bc3 {[%clk 0:01:29]} 40. Rd1 {[%clk 0:06:35]} Bd4
{[%clk 0:01:27]} 41. Rc1 {[%clk 0:05:14]} Bc5 {[%clk 0:00:48]} 42. f3
{[%clk 0:29:20]} Rd7 {[%clk 0:27:29]} 43. Ra1 {[%clk 0:26:04]} Rg7
{[%clk 0:17:53]} 44. Kf1 {[%clk 0:26:04]} Be3 {[%clk 0:16:39]} 45. Ra2
{[%clk 0:24:05]} Rc7 {[%clk 0:15:25]} 46. Rc2 {[%clk 0:20:08]} Bc5
{[%clk 0:14:30]} 47. Ra2 {[%clk 0:19:55]} Bd4 {[%clk 0:13:11]} 48. Rc2
{[%clk 0:19:12]} Bc3 {[%clk 0:13:18]} 49. Ra2 {[%clk 0:18:30]} Rd7
{[%clk 0:12:49]} 50. Ke2 {[%clk 0:18:21]} h5 {[%clk 0:10:10]} 51. Bf5
{[%clk 0:11:35]} Rg7 {[%clk 0:09:03]} 52. Kd3 {[%clk 0:11:07]} Rg8
{[%clk 0:08:34]} 53. Be4 {[%clk 0:09:56]} h4 {[%clk 0:08:13]} 54. h3
{[%clk 0:10:06]} Rg5 {[%clk 0:07:20]} 55. Kc4 {[%clk 0:08:11]} f5
{[%clk 0:05:11]} 56. Bd5 {[%clk 0:07:13]} Rg7 {[%clk 0:04:28]} 57. Be6
{[%clk 0:05:27]} e4 {[%clk 0:04:44]} 58. Bxf5 {[%clk 0:05:44]} Rc7+
{[%clk 0:04:26]} 59. Kd5 {[%clk 0:06:03]} e3 {[%clk 0:04:41]} 60. Kd6
{[%clk 0:05:31]} Rf7 {[%clk 0:02:49]} 61. Bd3 {[%clk 0:05:31]} Rf6+
{[%clk 0:02:33]} 62. Kd5 {[%clk 0:05:36]} Rf8 {[%clk 0:02:30]} 63. Ra6+
{[%clk 0:05:22]} Kb7 {[%clk 0:02:52]} 64. Rd6 {[%clk 0:05:17]} Rg8
{[%clk 0:02:24]} 65. Rd7+ {[%clk 0:05:07]} Kb6 {[%clk 0:02:40]} 66. Rd6+
{[%clk 0:05:25]} Kc7 {[%clk 0:02:51]} 67. Rc6+ {[%clk 0:04:59]} Kb7
{[%clk 0:02:51]} 68. Re6 {[%clk 0:04:42]} Rxg2 {[%clk 0:01:43]} 69. Re7+
{[%clk 0:05:01]} Kb6 {[%clk 0:01:59]} 70. Re6+ {[%clk 0:05:02]} Kc7
{[%clk 0:02:28]} 71. Re7+ {[%clk 0:05:12]} Kd8 {[%clk 0:02:55]} 72. Re6
{[%clk 0:03:37]} Rd2 {[%clk 0:02:47]} 73. Kc4 {[%clk 0:03:54]} Kd7
{[%clk 0:02:26]} 74. Bf5 {[%clk 0:03:43]} Kd8 {[%clk 0:02:05]} 75. Bd3
{[%clk 0:04:00]} Kc7 {[%clk 0:02:15]} 76. Re4 {[%clk 0:03:51]} Kd6
{[%clk 0:02:36]} 77. Re8 {[%clk 0:04:01]} Rf2 {[%clk 0:02:39]} 78. Kb5
{[%clk 0:02:44]} Rxf3 {[%clk 0:02:44]} 79. Bf5 {[%clk 0:02:28]} Rf2
{[%clk 0:03:04]} 80. Bg4 {[%clk 0:02:42]} Rd2 {[%clk 0:02:59]} 81. Rd8+
{[%clk 0:02:51]} Ke5 {[%clk 0:03:20]} 82. Re8+ {[%clk 0:02:33]} Kd4
{[%clk 0:03:46]} 83. Rd8+ {[%clk 0:02:38]} Ke4 {[%clk 0:04:11]} 84. Re8+
{[%clk 0:02:54]} Be5 {[%clk 0:03:36]} 85. Kxb4 e2 {[%clk 0:03:55]} 0-1

[Event "escc2023_65"]
[Site "?"]
[Date "2023.05.29"]
[Round "4.5"]
[White "Fernandez Garcia, Jose Luis"]
[Black "Chapman, Terry P D"]
[Result "1-0"]
[BlackElo "2204"]
[WhiteElo "2370"]
[LiveChessVersion "1.4.8"]

1. e4 {[%clk 1:30:41]} d6 {[%clk 1:30:57]} 2. d4 {[%clk 1:31:04]} Nf6
{[%clk 1:31:24]} 3. Nc3 {[%clk 1:31:28]} e5 {[%clk 1:31:50]} 4. dxe5
{[%clk 1:31:24]} dxe5 {[%clk 1:32:11]} 5. Qxd8+ {[%clk 1:31:48]} Kxd8
{[%clk 1:32:36]} 6. Bg5 {[%clk 1:32:13]} Be6 {[%clk 1:32:42]} 7. g3
{[%clk 1:32:27]} Kc8 {[%clk 1:32:20]} 8. Bxf6 {[%clk 1:24:17]} gxf6
{[%clk 1:32:42]} 9. Nd5 {[%clk 1:24:44]} Nd7 {[%clk 1:27:27]} 10. Bh3
{[%clk 1:24:16]} Bc5 {[%clk 1:12:40]} 11. Ke2 {[%clk 1:23:43]} c6
{[%clk 1:06:08]} 12. Ne3 {[%clk 1:22:57]} Bxe3 {[%clk 1:06:32]} 13. Kxe3
{[%clk 1:21:32]} Kd8 {[%clk 1:03:56]} 14. Bxe6 {[%clk 1:13:40]} fxe6
{[%clk 1:04:24]} 15. f4 {[%clk 1:14:02]} exf4+ {[%clk 1:03:07]} 16. gxf4
{[%clk 1:14:24]} Rg8 {[%clk 1:02:57]} 17. Nf3 {[%clk 1:14:45]} Ke7
{[%clk 1:03:05]} 18. Rag1 {[%clk 1:14:20]} Rxg1 {[%clk 0:53:09]} 19. Rxg1
{[%clk 1:14:19]} Kf7 {[%clk 0:53:32]} 20. Nd4 {[%clk 1:09:27]} Nf8
{[%clk 0:47:14]} 21. h4 {[%clk 1:04:37]} Re8 {[%clk 0:42:08]} 22. h5
{[%clk 1:02:44]} h6 {[%clk 0:40:24]} 23. f5 {[%clk 0:57:31]} e5 {[%clk 0:35:43]}
24. Nf3 {[%clk 0:57:28]} Nh7 {[%clk 0:35:50]} 25. Rd1 {[%clk 0:55:24]} Ke7
{[%clk 0:33:08]} 26. Rd3 {[%clk 0:47:01]} Rd8 {[%clk 0:27:37]} 27. Ra3
{[%clk 0:46:59]} a6 {[%clk 0:27:53]} 28. Rb3 {[%clk 0:47:15]} Rd7
{[%clk 0:27:07]} 29. Nh2 {[%clk 0:31:14]} Kf7 {[%clk 0:19:33]} 30. Ng4
{[%clk 0:29:05]} Kg7 {[%clk 0:19:58]} 31. Rd3 {[%clk 0:29:06]} Rxd3+
{[%clk 0:17:18]} 32. cxd3 {[%clk 0:25:59]} c5 {[%clk 0:16:21]} 33. Kd2
{[%clk 0:25:38]} Ng5 {[%clk 0:12:54]} 34. Kc3 {[%clk 0:25:36]} Nh3
{[%clk 0:06:18]} 35. Kc4 {[%clk 0:23:07]} b6 {[%clk 0:04:52]} 36. a4
{[%clk 0:20:56]} Nf4 {[%clk 0:05:10]} 37. Nf2 {[%clk 0:20:43]} Kf7
{[%clk 0:00:57]} 38. a5 {[%clk 0:19:13]} bxa5 {[%clk 0:01:26]} 39. Kxc5
{[%clk 0:19:37]} Nxh5 {[%clk 0:01:06]} 40. Kb6 {[%clk 0:18:37]} a4
{[%clk 0:01:24]} 41. Kxa6 {[%clk 0:18:30]} Nf4 {[%clk 0:24:52]} 42. Kb5
{[%clk 0:47:51]} h5 {[%clk 0:22:11]} 43. Kxa4 {[%clk 0:47:29]} Ke7
{[%clk 0:22:35]} 44. Kb5 {[%clk 0:46:32]} Kd6 {[%clk 0:22:12]} 45. Kb6
{[%clk 0:43:34]} Ne2 {[%clk 0:22:26]} 46. b4 {[%clk 0:43:42]} Nc3
{[%clk 0:21:23]} 47. b5 {[%clk 0:42:19]} h4 {[%clk 0:20:08]} 48. Ka5
{[%clk 0:38:39]} Kc5 {[%clk 0:19:19]} 49. d4+ {[%clk 0:21:15]} exd4
{[%clk 0:19:44]} 50. Nd3+ {[%clk 0:21:29]} Kd6 {[%clk 0:18:58]} 51. b6
{[%clk 0:18:40]} h3 {[%clk 0:11:21]} 52. b7 {[%clk 0:12:05]} Kc7 {[%clk 0:11:38]}
53. Ka6 {[%clk 0:12:27]} h2 {[%clk 0:10:39]} 54. Ka7 {[%clk 0:12:48]} h1=Q
{[%clk 0:04:45]} 55. b8=Q+ {[%clk 0:13:10]} Kd7 {[%clk 0:04:28]} 56. Qb7+
{[%clk 0:08:53]} Ke8 {[%clk 0:04:11]} 57. Qc8+ {[%clk 0:09:12]} Kf7
{[%clk 0:04:23]} 58. Qe6+ {[%clk 0:09:34]} Kg7 {[%clk 0:04:36]} 59. Qe7+
{[%clk 0:09:56]} Kg8 {[%clk 0:04:57]} 60. Qe8+ {[%clk 0:10:20]} Kg7
{[%clk 0:04:07]} 61. Qg6+ {[%clk 0:10:37]} Kh8 {[%clk 0:04:27]} 62. Qxf6+
{[%clk 0:10:57]} Kg8 {[%clk 0:04:41]} 63. Qg6+ {[%clk 0:10:10]} Kh8
{[%clk 0:05:09]} 64. Qe8+ {[%clk 0:04:29]} Kg7 {[%clk 0:05:36]} 65. Qe7+
{[%clk 0:04:04]} Kh8 {[%clk 0:05:48]} 66. f6 {[%clk 0:04:11]} Nb5+
{[%clk 0:03:20]} 67. Kb6 {[%clk 0:03:59]} Qg2 {[%clk 0:02:07]} 68. Qg7+
{[%clk 0:04:19]} Qxg7 {[%clk 0:02:26]} 69. fxg7+ {[%clk 0:04:47]} 1-0

[Event "escc2023_65"]
[Site "?"]
[Date "2023.05.29"]
[Round "4.6"]
[White "Schulz, Michael"]
[Black "Kortis, Wim"]
[Result "1/2-1/2"]
[BlackElo "2110"]
[WhiteElo "2215"]
[LiveChessVersion "1.4.8"]

1. d4 {[%clk 1:30:57]} g6 {[%clk 1:30:47]} 2. e4 {[%clk 1:31:15]} Bg7
{[%clk 1:31:04]} 3. Nc3 {[%clk 1:31:15]} c6 {[%clk 1:31:07]} 4. Nf3
{[%clk 1:31:12]} d6 {[%clk 1:31:17]} 5. h3 {[%clk 1:30:53]} Nf6 {[%clk 1:31:11]}
6. a4 {[%clk 1:30:17]} Qc7 {[%clk 1:29:50]} 7. Bf4 {[%clk 1:27:13]} Nbd7
{[%clk 1:25:35]} 8. Qd2 {[%clk 1:25:28]} e5 {[%clk 1:21:46]} 9. Bh6
{[%clk 1:25:01]} O-O {[%clk 1:22:02]} 10. Bxg7 {[%clk 1:24:45]} Kxg7
{[%clk 1:22:23]} 11. Be2 {[%clk 1:20:54]} Re8 {[%clk 1:17:39]} 12. O-O
{[%clk 1:14:09]} a5 {[%clk 1:07:47]} 13. Rad1 {[%clk 1:11:15]} Nb6
{[%clk 1:03:55]} 14. dxe5 {[%clk 1:06:35]} dxe5 {[%clk 1:03:28]} 15. Nh4
{[%clk 1:03:29]} Be6 {[%clk 0:52:56]} 16. b3 {[%clk 0:59:00]} Qe7
{[%clk 0:47:49]} 17. Nf3 {[%clk 0:55:35]} Rad8 {[%clk 0:43:16]} 18. Qe3
{[%clk 0:55:41]} Rxd1 {[%clk 0:41:23]} 19. Nxd1 {[%clk 0:51:42]} Nbd7
{[%clk 0:40:24]} 20. Ng5 {[%clk 0:48:26]} Qc5 {[%clk 0:37:51]} 21. f3
{[%clk 0:44:11]} h6 {[%clk 0:36:26]} 22. Nxe6+ {[%clk 0:44:32]} Rxe6
{[%clk 0:36:48]} 23. Qxc5 {[%clk 0:44:21]} Nxc5 {[%clk 0:37:11]} 24. Ne3
{[%clk 0:44:13]} Nfd7 {[%clk 0:32:40]} 25. Rd1 {[%clk 0:43:50]} Kf8
{[%clk 0:31:18]} 26. Bc4 {[%clk 0:42:08]} Re7 {[%clk 0:31:15]} 27. Kf2
{[%clk 0:39:35]} Ke8 {[%clk 0:30:45]} 28. h4 {[%clk 0:35:25]} h5 {[%clk 0:29:37]}
29. g3 {[%clk 0:33:43]} Nf6 {[%clk 0:28:24]} 30. Bf1 {[%clk 0:32:06]} Rd7
{[%clk 0:26:55]} 31. Rxd7 {[%clk 0:32:21]} Nfxd7 {[%clk 0:25:52]} 32. Nc4
{[%clk 0:32:26]} b6 {[%clk 0:26:07]} 33. Bh3 {[%clk 0:32:22]} Ke7
{[%clk 0:25:42]} 34. Ke3 {[%clk 0:31:51]} Ne6 {[%clk 0:24:09]} 35. f4
{[%clk 0:29:21]} exf4+ {[%clk 0:17:05]} 36. gxf4 {[%clk 0:29:39]} Nef8
{[%clk 0:14:58]} 37. c3 {[%clk 0:28:58]} Nc5 {[%clk 0:10:37]} 38. Nxb6
{[%clk 0:26:15]} Nxb3 {[%clk 0:10:59]} 39. e5 {[%clk 0:25:05]} Kd8
{[%clk 0:08:09]} 40. Nc4 {[%clk 0:23:54]} Nc5 {[%clk 0:07:19]} 41. Nxa5
{[%clk 0:19:56]} Nxa4 {[%clk 0:06:43]} 42. Kd4 {[%clk 0:14:04]} Kc7
{[%clk 0:06:33]} 43. Nb3 {[%clk 0:12:06]} Nb6 {[%clk 0:22:56]} 44. c4
{[%clk 0:41:38]} Na4 {[%clk 0:22:31]} 45. c5 {[%clk 0:40:38]} Ne6+
{[%clk 0:19:24]} 46. Bxe6 {[%clk 0:37:07]} fxe6 {[%clk 0:19:47]} 47. Kd3
{[%clk 0:35:32]} Nb2+ {[%clk 0:18:43]} 48. Ke2 {[%clk 0:30:37]} Nc4
{[%clk 0:15:21]} 49. Kd3 {[%clk 0:29:42]} Nb2+ {[%clk 0:15:39]} 50. Kc2
{[%clk 0:29:05]} Nc4 {[%clk 0:15:47]} 51. Kd3 {[%clk 0:28:47]} 1/2-1/2

[Event "escc2023_65"]
[Site "?"]
[Date "2023.05.29"]
[Round "4.7"]
[White "Iudicello, Giovanni"]
[Black "Fischdick, Gisela"]
[Result "1/2-1/2"]
[BlackElo "2205"]
[WhiteElo "2081"]
[LiveChessVersion "1.4.8"]

1. e4 {[%clk 1:30:56]} d5 {[%clk 1:30:35]} 2. exd5 {[%clk 1:31:13]} Qxd5
{[%clk 1:30:58]} 3. Nc3 {[%clk 1:31:32]} Qa5 {[%clk 1:31:07]} 4. d4
{[%clk 1:31:43]} c6 {[%clk 1:31:24]} 5. Nf3 {[%clk 1:31:21]} Nf6 {[%clk 1:31:42]}
6. Bc4 {[%clk 1:30:15]} Bf5 {[%clk 1:31:38]} 7. Bd2 {[%clk 1:29:41]} e6
{[%clk 1:30:40]} 8. Nd5 {[%clk 1:20:47]} Qd8 {[%clk 1:30:35]} 9. Ne3
{[%clk 1:20:33]} Bg6 {[%clk 1:27:55]} 10. Qe2 {[%clk 1:18:07]} Be7
{[%clk 1:21:30]} 11. O-O {[%clk 1:01:18]} O-O {[%clk 1:21:10]} 12. Rad1
{[%clk 1:01:31]} Nbd7 {[%clk 1:15:01]} 13. Ne5 {[%clk 0:52:45]} Nxe5
{[%clk 1:11:43]} 14. dxe5 {[%clk 0:53:09]} Nd5 {[%clk 1:10:31]} 15. Nxd5
{[%clk 0:49:42]} cxd5 {[%clk 1:10:02]} 16. Bd3 {[%clk 0:49:53]} Qc7
{[%clk 1:02:29]} 1/2-1/2

[Event "escc2023_65"]
[Site "?"]
[Date "2023.05.29"]
[Round "4.9"]
[White "Gaprindashvili, Nona"]
[Black "Biro, Sandor"]
[Result "1-0"]
[BlackElo "2089"]
[WhiteElo "2274"]
[LiveChessVersion "1.4.8"]

1. d4 {[%clk 1:30:53]} Nf6 {[%clk 1:30:49]} 2. c4 {[%clk 1:31:15]} g6
{[%clk 1:31:12]} 3. Nc3 {[%clk 1:31:35]} d5 {[%clk 1:31:36]} 4. cxd5
{[%clk 1:32:00]} Nxd5 {[%clk 1:32:00]} 5. e4 {[%clk 1:32:19]} Nxc3
{[%clk 1:32:23]} 6. bxc3 {[%clk 1:32:48]} Bg7 {[%clk 1:32:43]} 7. Be3
{[%clk 1:32:51]} c5 {[%clk 1:32:54]} 8. Rc1 {[%clk 1:33:09]} O-O {[%clk 1:32:14]}
9. d5 {[%clk 1:31:08]} Qa5 {[%clk 1:27:37]} 10. Qd2 {[%clk 1:31:26]} Na6
{[%clk 1:21:43]} 11. Bxa6 {[%clk 1:20:40]} bxa6 {[%clk 1:15:46]} 12. Ne2
{[%clk 1:08:21]} Rb8 {[%clk 1:13:25]} 13. O-O {[%clk 1:06:27]} Qa3
{[%clk 0:55:50]} 14. Rb1 {[%clk 0:58:38]} Bd7 {[%clk 0:55:46]} 15. c4
{[%clk 0:42:33]} Rb6 {[%clk 0:47:24]} 16. Rxb6 {[%clk 0:41:46]} axb6
{[%clk 0:47:49]} 17. Rb1 {[%clk 0:42:07]} Qa4 {[%clk 0:46:02]} 18. Rxb6
{[%clk 0:41:23]} Qxc4 {[%clk 0:46:12]} 19. Ng3 {[%clk 0:28:03]} Bb5
{[%clk 0:42:27]} 20. h3 {[%clk 0:22:02]} Bd4 {[%clk 0:20:25]} 21. Rb7
{[%clk 0:20:30]} Re8 {[%clk 0:07:16]} 22. Rc7 {[%clk 0:19:41]} h5
{[%clk 0:06:09]} 23. h4 {[%clk 0:14:00]} Bxe3 {[%clk 0:02:55]} 24. Qxe3
{[%clk 0:14:25]} Qxa2 {[%clk 0:03:03]} 25. Qxc5 {[%clk 0:14:40]} Qa1+
{[%clk 0:02:44]} 26. Qc1 {[%clk 0:12:55]} Qe5 {[%clk 0:02:17]} 27. Rc5
{[%clk 0:02:57]} Qf6 {[%clk 0:01:32]} 28. Qg5 {[%clk 0:02:11]} Qxg5
{[%clk 0:01:24]} 29. hxg5 {[%clk 0:02:39]} Rb8 {[%clk 0:01:03]} 30. e5
{[%clk 0:01:51]} a5 {[%clk 0:00:59]} 31. Ne4 {[%clk 0:01:54]} a4 {[%clk 0:00:39]}
32. d6 {[%clk 0:00:49]} Bd3 {[%clk 0:00:35]} 33. d7 {[%clk 0:01:03]} 1-0